000 00412nam a2200181Ia 4500
005 20250603144825.0
008 250603s9999 xx 000 0 und d
020 _a9780070113923
050 _aTA 654 .C56/
100 _aClough, Ray W.
245 0 _aDynamics of structures
260 _aNew York
260 _bMcGraw-Hill, Inc.
260 _c1975
300 _a634 p
650 _aNew York
942 _cBK
999 _c40056
_d40056